|
|
|
|
| LEADER |
00000cam a2200000 7i4500 |
| 001 |
0000001920 |
| 005 |
20040519.0 |
| 020 |
0 |
0 |
|a 967891073X
|
| 090 |
0 |
0 |
|a 351.1595
|b MAL 2001
|
| 110 |
1 |
0 |
|a MALAYSIA
|
| 245 |
1 |
0 |
|a Pekeliling Kemajuan Pentadbiran Awam 1994-1999, jilid II :
|b (hingga 15 Februari 2001)
|c disusun oleh Lembaga Penyelidikan Undang-Undang
|
| 260 |
0 |
0 |
|a Petaling Jaya, Selangor :
|b International Law Book Services ,
|c 2001
|
| 300 |
|
|
|a 265 p. ;
|c 24 cm.
|
| 440 |
0 |
0 |
|a Undang-Undang Malaysia
|
| 650 |
0 |
0 |
|a Civil service ethics
|z Malaysia
|
| 650 |
0 |
0 |
|a Civil service
|x Training of
|z Malaysia
|
| 650 |
0 |
0 |
|a Civil service
|z Malaysia
|x Personnel management
|x Handbooks, manuals, etc.
|
| 998 |
|
|
|a JPSM
|
| 999 |
|
|
|a 0000003040
|b Monograph
|c Open Shelf
|e Default branch
|
| 999 |
|
|
|a 0000003041
|b Monograph
|c Reference
|e Default branch
|
| 999 |
|
|
|a 0000003042
|b Monograph
|c Open Shelf
|e Default branch
|